000 00739nam a2200253Ia 4500
003 OSt
005 20220918201835.0
006 a|||||r|||| 00| 0
007 ta
008 220917b |||||||| |||| 00| 0 eng d
024 _a96,868
037 _cTextual
040 _aARTS
_cARTS
_beng
041 _2eng
_aeng
082 _aV2:20j5:(Z,9281).N6, L7--;1
100 _aRaman Sunder
_9100943
245 0 _aFoundamental rights and the 42nd constitutional amendment
260 _aCalcutta
_bMinerva
_c1977
300 _aix, 104p.
_ccm.
500 _aAppendix p65--98; Bibliography p99--101
650 _aHISTORY
942 _hV2:20j5:(Z,9281).N6, L7--;1
_cTEXL
_2CC
999 _c220468
_d220468